| 000 | 00729nam a2200241 i 4500 | ||
|---|---|---|---|
| 001 | 105547 | ||
| 003 | ES-MaACL | ||
| 007 | t| | ||
| 008 | 060724s1971 fr ||||1| fre d | ||
| 080 | _a32(4-11) | ||
| 080 | _a32(510) | ||
| 080 | _a32(729.1) | ||
| 100 | 1 |
_aMartinet, Gilles. _977705 |
|
| 245 | 1 | 4 |
_aLes cinq communismes _b: russe, yougoslave, chinois, tchèque, cubain / _cGilles Martinet. |
| 260 |
_aParis : _bSeuil, _c[1971] |
||
| 300 |
_a250 p. ; _c20 cm. |
||
| 490 | 1 | _aL'Histoire immédiate | |
| 500 | _aBiblioteca Juan Andrade. | ||
| 651 | 4 |
_aPaíses comunistas- _xPolítica y gobierno _99171 |
|
| 830 | 0 |
_aL'Histoire immédiate _9185056 |
|
| 852 |
_aES-MaACL _jAND-372 _bR.109676 |
||
| 999 |
_c105547 _d105547 |
||